| Tag |
First Indicator |
Second Indicator |
Subfields |
| LEADER |
00000cam a2200000 a 4500 |
| 001 |
in00000007623 |
| 005 |
20151006050100.0 |
| 008 |
870225r19861958enk 00010 ger d |
| 010 |
|
|
|a gb 86019974
|
| 015 |
|
|
|a GB86-19974
|
| 020 |
|
|
|a 0423513206 (pbk) :
|c £3.50 : CIP confirmed
|
| 035 |
|
|
|a (OCoLC)14129881
|
| 035 |
|
|
|9 AAA2119AM
|
| 040 |
|
|
|a UKM
|c UKM
|d m/c
|d UtOrBLW
|
| 041 |
0 |
|
|a ger
|b eng
|
| 049 |
|
|
|a TXAM
|c [A12581831]
|
| 050 |
|
4 |
|a PT2611.R814
|b B47 1986
|
| 082 |
0 |
|
|a 832/.912
|2 19
|
| 100 |
1 |
|
|a Frisch, Max,
|d 1911-1991.
|
| 240 |
1 |
0 |
|a Herr Biedermann und die Brandstifter
|
| 245 |
1 |
0 |
|a Biedermann und die Brandstifter :
|b ein Lehrestück ohne Lehre /
|c Max Frisch ; edited by Peter Hutchinson.
|
| 264 |
|
1 |
|a London :
|b Methuen Educational,
|c 1986
|
| 264 |
|
4 |
|c ©1958
|
| 300 |
|
|
|a 127 pages ;
|c 20 cm.
|
| 336 |
|
|
|a text
|b txt
|2 rdacontent
|
| 337 |
|
|
|a unmediated
|b n
|2 rdamedia
|
| 338 |
|
|
|a volume
|b nc
|2 rdacarrier
|
| 490 |
0 |
|
|a Methuen's twentieth century texts
|
| 500 |
|
|
|a Originally published: Frankfurt am Main : Suhrkamp, 1958; London : Methuen, 1963.
|
| 504 |
|
|
|a Includes bibliography.
|
| 500 |
|
|
|a Includes introduction and notes in English.
|
| 700 |
1 |
|
|a Hutchinson, Peter,
|d 1944-
|
| 999 |
|
|
|a MARS
|
| 999 |
f |
f |
|s 05ca32aa-5b64-3b82-8c06-30291441fbcb
|i 948313a3-d30a-3d57-94e4-4554eaec79b3
|t 0
|
| 952 |
f |
f |
|p normal
|a Texas A&M University
|b College Station
|c Sterling C. Evans Library
|d Evans: Library Stacks
|t 0
|e PT2611.R814 B47 1986
|h Library of Congress classification
|i unmediated -- volume
|m A14812581831
|
| 998 |
f |
f |
|a PT2611.R814 B47 1986
|t 0
|l Evans: Library Stacks
|